Discrete mathematics with applications
Gespeichert in:
| 1. Verfasser: | |
|---|---|
| Format: | Buch |
| Sprache: | Englisch |
| Veröffentlicht: |
Belmont
Thomson
2004
Belmont Brooks-Cole 2004 |
| Ausgabe: | 3a. ed |
| Schlagworte: | |
| Tags: |
Tag hinzufügen
Keine Tags, Fügen Sie den ersten Tag hinzu!
|
MARC
| LEADER | 00000nam a2200000 a 4500 | ||
|---|---|---|---|
| 001 | UCJ8924 | ||
| 003 | CL-VaPUC | ||
| 008 | 070126e20040000us |||||||||||||||||eng|d | ||
| 020 | |a 0534359450 | ||
| 082 | 0 | 4 | |a 510 |b EPP |2 21 |
| 100 | 0 | |a Epp, Susanna S |e author |9 518726 | |
| 245 | 1 | 0 | |a Discrete mathematics with applications |
| 250 | |a 3a. ed | ||
| 300 | |a 775 p | ||
| 942 | |c BK | ||
| 945 | |d 20070126 00:00:00 |a cmena | ||
| 260 | |a Belmont |b Thomson |c 2004 | ||
| 260 | |a Belmont |b Brooks-Cole |c 2004 | ||
| 650 | 0 | |a Matemática |9 260235 | |
| 650 | 0 | |a Proceso de datos |9 259776 | |
| 650 | 0 | |a Teoría de conjuntos |9 265668 | |
| 650 | 0 | |a Funciones (Matemáticas) |9 338128 | |
| 650 | 0 | |a Algoritmos |9 260639 | |
| 650 | 0 | |a Modelos matemáticos |9 259437 | |
| 583 | |a last modification |c 20171218 05:53:56 |k Rodrigo Vera | ||
| 999 | |c 324568 |d 324566 | ||
| 952 | |0 0 |1 0 |4 0 |6 510_000000000000000_EPP_2004_2004 |7 0 |8 A |9 404833 |a BIBING |b BIBING |d 2019-11-22 |i 4313488 |l 8 |m 4 |o 510 EPP 2004 2004 |p 4313488 |q 2025-05-14 |r 2025-05-07 |s 2025-05-07 |w 2019-11-22 |y BK |k EII | ||